Countries by Mountain Quiz Stats

 Plays Quiz Updated Sep 9, 2015

Also try: Mountain Countries
Challenge
Share
Tweet
Embed
Score 0/50 Timer 07:00
2 Plays Today
Mountain Country % Correct
Mount FujiJapan
95.1%
DenaliUnited States
94.1%
Mount EverestNepal
85.4%
Mount KenyaKenya
79.7%
Mount St. HelensUnited States
78.6%
Mount OlympusGreece
78.1%
Mount CookNew Zealand
76.1%
Mount BlancFrance
73.1%
Huayna PicchuPeru
72.8%
Mount LoganCanada
71.8%
K2Pakistan
68.7%
Mount VesuviusItaly
63.9%
ZugspitzeGermany
63.7%
MatterhornItaly
62%
Mount WhitneyUnited States
61.5%
Mount KosciuszkoAustralia
61.5%
PopocatépetlMexico
61%
Mount KilimanjaroTanzania
60.9%
Mount CameroonCameroon
58.7%
EyjafjallajökullIceland
54.3%
Ben NevisUnited Kingdom
51.9%
AconcaguaArgentina
51.2%
GrossglocknerAustria
47.6%
KangchenjungaIndia
43.8%
EigerSwitzerland
43.7%
Mountain Country % Correct
Pico de São Tomé São Tomé and Príncipe
43.6%
Scafell PikeUnited Kingdom
42.4%
Mount AraratTurkey
42.1%
Mount SinaiEgypt
41.7%
Mauna KeaUnited States
40.5%
SnowdonUnited Kingdom
39.7%
Table MountainSouth Africa
39.1%
Mount ElbrusRussia
38.8%
Pico BolívarVenezuela
36.7%
ParícutinMexico
34.2%
Mount of OlivesIsrael
32.9%
Pico da NeblinaBrazil
30.4%
Corcovado Brazil
27.6%
CarraauntoohilIreland
22.7%
IzalcoEl Salvador
19.8%
NjesuthiSouth Africa
14.4%
Mount BaekduNorth Korea
13%
Carstensz Pyramid Indonesia
12.4%
Mount DamavandIran
10.5%
Pico del TeideSpain
10%
Jade MountainTaiwan
7%
Mount MeronIsrael
6.3%
Mount CatherineEgypt
6.2%
Pico BasiléEquatorial Guinea
5.1%
Mount SceneryNetherlands
3.3%

You're not logged in!

Compare scores with friends on all Sporcle quizzes.
OR
Log In

You Might Also Like...

Show Comments

Extras

Top Quizzes Today


Score Distribution

Your Account Isn't Verified!

In order to create a playlist on Sporcle, you need to verify the email address you used during registration. Go to your Sporcle Settings to finish the process.

Report this User

Report this user for behavior that violates our Community Guidelines.

Details: